| 000 | 01606nam a2200481 i 4500 | ||
|---|---|---|---|
| 001 | 45998 | ||
| 003 | KOSZ 005 | ||
| 005 | 20220329130400.0 | ||
| 008 | 011026s2004 pl a f f |000 0 pol | ||
| 015 | _aUWD 2005/11962 | ||
| 020 | _a8372414378 | ||
| 035 | _a991026352129705066 | ||
| 035 | _a(PL-WaBN)b17164734-48omnis_nlop | ||
| 035 | _ab17164734 | ||
| 035 | _a(OCoLC)749874715 | ||
| 035 | _azz2005881967 | ||
| 035 | _a(PL)b0000001716473 | ||
| 035 | _a(EXLNZ-48OMNIS_NETWORK)9910319722905606 | ||
| 040 |
_aWA N _cWA N _dKOSZ 005/HR |
||
| 041 | 0 | _apol | |
| 046 | _k2004 | ||
| 080 | _a576 | ||
| 080 | _a(075.8) | ||
| 100 | 1 |
_aRogalska, Stanisława _d(1943-2015) _eAutor |
|
| 245 | 1 | 0 |
_aBiologia komórki w zarysie : _bskrypt dla studentów biologii / _cStanisława Maria Rogalska ; Uniwersytet Szczeciński. |
| 260 |
_aSzczecin : _bWydawnictwo Naukowe US, _c2004. |
||
| 300 |
_a280 s. : _brys. ; _c24 cm |
||
| 336 |
_aTekst _btxt _2rdacontent |
||
| 337 |
_aBez urządzenia pośredniczącego _bn _2rdamedia |
||
| 338 |
_aWolumin _bnc _2rdacarrier |
||
| 380 | _aKsiążki | ||
| 380 | _aPublikacje dydaktyczne | ||
| 385 |
_mPoziom nauczania _aSzkoły wyższe |
||
| 388 | _a2001- | ||
| 504 | _aBibliogr. s. 279-280 | ||
| 650 | 7 |
_aKomórka (biologia) _2DBN |
|
| 655 | 7 |
_aPodręczniki akademickie _2DBN |
|
| 658 | _aBiologia | ||
| 710 | 2 |
_aWydawnictwo Naukowe Uniwersytetu Szczecińskiego _4pbl |
|
| 856 |
_uhttp://koha.tu.koszalin.pl/cgi-bin/koha/opac-detail.pl?biblionumber=45998 _yKatalog online BPK |
||
| 942 |
_2UKD _cKS |
||
| 999 |
_c45998 _d45998 |
||